000 00603nam a2200229 i 4500
001 308799
005 20180131035246.0
008 741015s1974 enka b 001 0 eng
010 _a 73085688
015 _aGB***
020 _a0582441307 :
_c£2.95 ($8.75 U.S.)
040 _aDLC
_cDLC
_dDLC
041 _aeng
080 _a574.526 RIC
082 0 0 _a574.526 RIC
100 1 _a9
101 _aMJE
245 1 0 _aIntroduction to the soil ecosystem /
_cB. N. Richards.
504 _aIncludes bibliographies and index.
906 _a7
_bcbc
_corignew
_d2
_eopcn
_f19
_gy-gencatlg
942 _2ddc
_cBK
999 _c41331
_d41331